[Event "Team men PL final"]
[Site "Sochi"]
[Date "2018.05.03"]
[Round "3.19"]
[White "Tomashevsky, Evgeny"]
[Black "Sarana, Alexey"]
[Result "1-0"]
[BlackElo "2587"]
[WhiteElo "2714"]
[LiveChessVersion "1.4.8"]

1. c4 {[%clk 1:30:55]} Nf6 {[%clk 1:30:51]} 2. Nf3 {[%clk 1:31:18]} g6
{[%clk 1:30:51]} 3. Nc3 {[%clk 1:31:29]} d5 {[%clk 1:31:17]} 4. cxd5
{[%clk 1:31:47]} Nxd5 {[%clk 1:31:41]} 5. h4 {[%clk 1:32:09]} Nxc3
{[%clk 1:25:57]} 6. bxc3 {[%clk 1:31:41]} Bg7 {[%clk 1:25:50]} 7. h5
{[%clk 1:30:53]} c5 {[%clk 1:16:23]} 8. g3 {[%clk 1:27:49]} Nc6 {[%clk 1:14:01]}
9. Bg2 {[%clk 1:27:49]} Bd7 {[%clk 1:04:30]} 10. Ng5 {[%clk 1:09:20]} O-O
{[%clk 0:55:49]} 11. hxg6 {[%clk 0:43:25]} hxg6 {[%clk 0:56:15]} 12. Qc2
{[%clk 0:43:49]} e6 {[%clk 0:44:04]} 13. d3 {[%clk 0:36:12]} b5 {[%clk 0:37:55]}
14. Ne4 {[%clk 0:34:11]} b4 {[%clk 0:35:33]} 15. Bg5 {[%clk 0:25:58]} f6
{[%clk 0:35:56]} 16. Bd2 {[%clk 0:25:43]} f5 {[%clk 0:26:49]} 17. Nxc5
{[%clk 0:24:01]} Rc8 {[%clk 0:27:14]} 18. Qc1 {[%clk 0:19:38]} bxc3
{[%clk 0:23:07]} 19. Bh6 {[%clk 0:12:17]} Qe7 {[%clk 0:22:58]} 20. Bxg7
{[%clk 0:08:07]} Qxg7 {[%clk 0:23:27]} 21. Nxd7 {[%clk 0:07:02]} Qxd7
{[%clk 0:23:56]} 22. Qh6 {[%clk 0:07:26]} Qg7 {[%clk 0:24:05]} 23. Qxg7+
{[%clk 0:07:18]} Kxg7 {[%clk 0:24:33]} 24. Rh4 {[%clk 0:07:39]} a5
{[%clk 0:20:29]} 25. Bxc6 {[%clk 0:04:44]} Rxc6 {[%clk 0:20:57]} 26. Rc1
{[%clk 0:05:08]} Rfc8 {[%clk 0:20:17]} 27. Kd1 {[%clk 0:03:12]} g5
{[%clk 0:14:23]} 28. Ra4 {[%clk 0:03:37]} Rc5 {[%clk 0:12:57]} 29. Ra3
{[%clk 0:03:38]} Kf6 {[%clk 0:09:24]} 30. Kc2 {[%clk 0:03:58]} f4
{[%clk 0:08:22]} 31. d4 {[%clk 0:02:36]} Rc4 {[%clk 0:05:46]} 32. gxf4
{[%clk 0:02:41]} a4 {[%clk 0:04:24]} 33. fxg5+ {[%clk 0:02:39]} Kxg5
{[%clk 0:04:53]} 34. Rd1 {[%clk 0:02:07]} Rf8 {[%clk 0:01:10]} 35. Rg1+
{[%clk 0:01:50]} Kf5 {[%clk 0:01:23]} 36. Rxc3 {[%clk 0:00:38]} Rxd4
{[%clk 0:01:51]} 37. Rf3+ {[%clk 0:00:36]} Rf4 {[%clk 0:02:20]} 38. Rxf4+
{[%clk 0:00:35]} Kxf4 {[%clk 0:02:49]} 39. Rg3 {[%clk 0:00:57]} Ke4
{[%clk 0:01:49]} 40. Rg4+ {[%clk 0:30:44]} Kd5 {[%clk 0:31:04]} 41. f3
{[%clk 0:30:08]} Ra8 {[%clk 0:29:45]} 42. Kb2 {[%clk 0:23:36]} 1-0

[Event "Team men PL final"]
[Site "Sochi"]
[Date "2018.05.03"]
[Round "3.20"]
[White "Esipenko, Andrey"]
[Black "Shirov, Alexei"]
[Result "1-0"]
[BlackElo "2652"]
[WhiteElo "2587"]
[LiveChessVersion "1.4.8"]

1. d4 {[%clk 1:30:56]} d5 {[%clk 1:30:56]} 2. c4 {[%clk 1:31:21]} c6
{[%clk 1:31:22]} 3. Nf3 {[%clk 1:31:45]} Nf6 {[%clk 1:31:49]} 4. Nc3
{[%clk 1:32:07]} e6 {[%clk 1:32:14]} 5. e3 {[%clk 1:32:33]} Nbd7 {[%clk 1:32:39]}
6. Bd3 {[%clk 1:32:57]} dxc4 {[%clk 1:33:04]} 7. Bxc4 {[%clk 1:33:21]} b5
{[%clk 1:33:31]} 8. Bd3 {[%clk 1:33:44]} Bb7 {[%clk 1:33:25]} 9. O-O
{[%clk 1:34:03]} a6 {[%clk 1:33:53]} 10. e4 {[%clk 1:34:22]} c5 {[%clk 1:34:13]}
11. d5 {[%clk 1:34:45]} Qc7 {[%clk 1:34:21]} 12. dxe6 {[%clk 1:35:10]} fxe6
{[%clk 1:34:45]} 13. Ne2 {[%clk 1:35:37]} Bd6 {[%clk 1:28:05]} 14. a4
{[%clk 1:35:54]} Nxe4 {[%clk 1:17:12]} 15. Bxe4 {[%clk 1:36:18]} Bxe4
{[%clk 1:17:36]} 16. Nc3 {[%clk 1:36:45]} Bb7 {[%clk 1:10:30]} 17. Re1
{[%clk 1:37:10]} O-O {[%clk 0:41:25]} 18. Rxe6 {[%clk 1:37:19]} Ne5
{[%clk 0:40:34]} 19. Qxd6 {[%clk 0:55:54]} Nxf3+ {[%clk 0:40:46]} 20. gxf3
{[%clk 0:56:18]} Qf7 {[%clk 0:41:04]} 21. Re3 {[%clk 0:54:21]} b4
{[%clk 0:37:25]} 22. Ne4 {[%clk 0:52:04]} Rad8 {[%clk 0:36:43]} 23. Qg3
{[%clk 0:51:31]} Rd1+ {[%clk 0:11:19]} 24. Kg2 {[%clk 0:51:56]} b3
{[%clk 0:07:01]} 25. Rc3 {[%clk 0:42:07]} c4 {[%clk 0:02:14]} 26. Nd6
{[%clk 0:29:12]} Qe7 {[%clk 0:01:14]} 27. Nxb7 {[%clk 0:28:51]} Qe2
{[%clk 0:01:16]} 28. Kh3 {[%clk 0:27:49]} Rf5 {[%clk 0:00:40]} 29. Re3
{[%clk 0:19:14]} Qf1+ {[%clk 0:01:03]} 30. Kh4 {[%clk 0:15:30]} Rxc1
{[%clk 0:00:47]} 31. Re8+ {[%clk 0:15:04]} 1-0

[Event "Team men PL final"]
[Site "Sochi"]
[Date "2018.05.03"]
[Round "3.21"]
[White "Malakhov, Vladimir"]
[Black "Kobalia, Mikhail"]
[Result "0-1"]
[BlackElo "2601"]
[WhiteElo "2691"]
[LiveChessVersion "1.4.8"]

1. e4 {[%clk 1:30:38]} c5 {[%clk 1:30:32]} 2. Nf3 {[%clk 1:30:53]} d6
{[%clk 1:30:56]} 3. d4 {[%clk 1:30:21]} cxd4 {[%clk 1:31:01]} 4. Nxd4
{[%clk 1:25:09]} Nf6 {[%clk 1:31:23]} 5. Nc3 {[%clk 1:25:36]} a6 {[%clk 1:31:35]}
6. g3 {[%clk 1:25:56]} e5 {[%clk 1:31:56]} 7. Nde2 {[%clk 1:25:36]} Be7
{[%clk 1:32:21]} 8. Bg2 {[%clk 1:25:58]} O-O {[%clk 1:32:45]} 9. a4
{[%clk 1:21:17]} Nbd7 {[%clk 1:24:42]} 10. O-O {[%clk 1:17:19]} Nc5
{[%clk 1:22:37]} 11. Bg5 {[%clk 1:12:17]} Be6 {[%clk 1:11:38]} 12. Bxf6
{[%clk 1:11:56]} Bxf6 {[%clk 1:12:04]} 13. Nd5 {[%clk 1:12:19]} Bg5
{[%clk 1:11:26]} 14. Nec3 {[%clk 1:09:16]} Rc8 {[%clk 1:07:04]} 15. a5
{[%clk 0:54:58]} Nd7 {[%clk 1:06:22]} 16. Qe2 {[%clk 0:53:45]} Nb8
{[%clk 1:00:13]} 17. Nb6 {[%clk 0:39:10]} Rc5 {[%clk 0:59:08]} 18. Rfd1
{[%clk 0:28:33]} Nc6 {[%clk 0:57:25]} 19. Nca4 {[%clk 0:25:26]} Rxa5
{[%clk 0:56:25]} 20. c4 {[%clk 0:25:47]} Qb8 {[%clk 0:54:15]} 21. b3
{[%clk 0:17:27]} Bd8 {[%clk 0:53:18]} 22. Rab1 {[%clk 0:15:09]} Nd4
{[%clk 0:44:10]} 23. Rxd4 {[%clk 0:11:39]} exd4 {[%clk 0:41:33]} 24. b4
{[%clk 0:12:05]} Bxb6 {[%clk 0:37:50]} 25. Nxb6 {[%clk 0:09:53]} Ra3
{[%clk 0:35:45]} 26. Qd2 {[%clk 0:10:18]} Qc7 {[%clk 0:26:50]} 27. Qxd4
{[%clk 0:10:41]} a5 {[%clk 0:27:13]} 28. bxa5 {[%clk 0:06:18]} Rxa5
{[%clk 0:26:39]} 29. f4 {[%clk 0:06:45]} Rc5 {[%clk 0:21:37]} 30. Bf1
{[%clk 0:06:33]} f6 {[%clk 0:18:58]} 31. h4 {[%clk 0:05:33]} Rd8 {[%clk 0:17:25]}
32. Qd2 {[%clk 0:04:41]} Bf7 {[%clk 0:15:09]} 33. Kh2 {[%clk 0:04:10]} Re8
{[%clk 0:15:33]} 34. Bd3 {[%clk 0:03:16]} Qc6 {[%clk 0:13:11]} 35. Rb2
{[%clk 0:01:17]} Bg6 {[%clk 0:12:42]} 36. Bc2 {[%clk 0:01:46]} Qc7
{[%clk 0:10:44]} 37. f5 {[%clk 0:00:51]} Bf7 {[%clk 0:10:52]} 38. Kh3
{[%clk 0:01:02]} h6 {[%clk 0:10:39]} 39. Qd4 {[%clk 0:00:48]} Ra5
{[%clk 0:09:48]} 40. Bd3 {[%clk 0:31:14]} Re7 {[%clk 0:36:52]} 41. Rb3
{[%clk 0:27:36]} Qc6 {[%clk 0:35:51]} 42. Bb1 {[%clk 0:24:09]} Rae5
{[%clk 0:35:32]} 43. Re3 {[%clk 0:17:10]} Kh8 {[%clk 0:32:06]} 44. Bd3
{[%clk 0:15:51]} Qc7 {[%clk 0:26:26]} 45. Re2 {[%clk 0:15:34]} Rc5
{[%clk 0:26:09]} 46. Rb2 {[%clk 0:15:54]} Qc6 {[%clk 0:25:27]} 47. Kh2
{[%clk 0:14:38]} Ra5 {[%clk 0:22:07]} 48. Kh3 {[%clk 0:12:37]} Ra3
{[%clk 0:21:27]} 49. Kh2 {[%clk 0:12:26]} Re5 {[%clk 0:20:51]} 50. Bb1
{[%clk 0:12:19]} Rc5 {[%clk 0:20:22]} 51. Bd3 {[%clk 0:10:41]} Rca5
{[%clk 0:20:22]} 52. Bb1 {[%clk 0:11:04]} Rf3 {[%clk 0:20:12]} 53. Nd5
{[%clk 0:10:35]} Bxd5 {[%clk 0:17:56]} 54. exd5 {[%clk 0:11:02]} Qc5
{[%clk 0:15:44]} 55. Qe4 {[%clk 0:11:09]} Re3 {[%clk 0:15:34]} 56. Qg4
{[%clk 0:11:36]} Re7 {[%clk 0:13:58]} 57. Bd3 {[%clk 0:10:16]} Ra1
{[%clk 0:13:44]} 58. Bb1 {[%clk 0:10:21]} Re1 {[%clk 0:11:22]} 0-1

[Event "Team men PL final"]
[Site "Sochi"]
[Date "2018.05.03"]
[Round "3.22"]
[White "Iljiushenok, Ilia"]
[Black "Riazantsev, Alexander"]
[Result "1/2-1/2"]
[BlackElo "2662"]
[WhiteElo "2516"]
[LiveChessVersion "1.4.8"]

1. e4 {[%clk 1:30:56]} c6 {[%clk 1:30:51]} 2. d4 {[%clk 1:31:17]} d5
{[%clk 1:31:16]} 3. e5 {[%clk 1:31:35]} Bf5 {[%clk 1:31:34]} 4. h4
{[%clk 1:31:42]} h5 {[%clk 1:31:30]} 5. Bd3 {[%clk 1:31:56]} Bxd3
{[%clk 1:31:50]} 6. Qxd3 {[%clk 1:32:22]} e6 {[%clk 1:31:05]} 7. Bg5
{[%clk 1:31:29]} Qb6 {[%clk 1:31:03]} 8. Nd2 {[%clk 1:30:53]} c5 {[%clk 1:31:13]}
9. c4 {[%clk 1:30:32]} Qxb2 {[%clk 1:30:52]} 10. Rd1 {[%clk 1:30:44]} Nc6
{[%clk 1:31:03]} 11. Ngf3 {[%clk 1:30:07]} Nb4 {[%clk 1:29:42]} 12. Qe2
{[%clk 1:25:14]} cxd4 {[%clk 1:29:04]} 13. O-O {[%clk 1:22:58]} Rc8
{[%clk 1:25:28]} 14. cxd5 {[%clk 0:58:11]} Nxd5 {[%clk 1:21:47]} 15. Qd3
{[%clk 0:54:15]} Qc3 {[%clk 1:19:26]} 16. Qb5+ {[%clk 0:50:13]} Qc6
{[%clk 1:19:02]} 17. Rc1 {[%clk 0:49:53]} Nc3 {[%clk 1:10:06]} 18. Qd3
{[%clk 0:43:15]} Bc5 {[%clk 0:51:21]} 19. Nc4 {[%clk 0:30:17]} Qd5
{[%clk 0:46:45]} 20. Nd6+ {[%clk 0:29:31]} Bxd6 {[%clk 0:42:12]} 21. exd6
{[%clk 0:29:58]} Nf6 {[%clk 0:17:13]} 22. Bxf6 {[%clk 0:26:07]} gxf6
{[%clk 0:17:22]} 23. Nxd4 {[%clk 0:26:32]} Rc4 {[%clk 0:12:55]} 24. Rxc3
{[%clk 0:09:21]} Rxd4 {[%clk 0:13:17]} 25. Qc2 {[%clk 0:07:11]} O-O
{[%clk 0:10:01]} 26. Rg3+ Kh8 27. Qc1 {[%clk 0:07:17]} Kh7 {[%clk 0:08:59]} 28.
Qc2+ {[%clk 0:07:41]} Kh8 {[%clk 0:06:32]} 29. Qc1 {[%clk 0:08:02]} Kh7
{[%clk 0:05:33]} 30. Qc2+ {[%clk 0:08:28]} Kh8 {[%clk 0:05:18]} 31. Qd1 1/2-1/2

[Event "Team men PL final"]
[Site "Sochi"]
[Date "2018.05.03"]
[Round "3.23"]
[White "Bologan, Victor"]
[Black "Triapishko, Alexandr"]
[Result "0-1"]
[BlackElo "2510"]
[WhiteElo "2610"]
[LiveChessVersion "1.4.8"]

1. e4 {[%clk 1:30:56]} e5 {[%clk 1:30:53]} 2. Nf3 {[%clk 1:31:20]} Nc6
{[%clk 1:31:10]} 3. Bc4 {[%clk 1:31:16]} Nf6 {[%clk 1:31:15]} 4. d3
{[%clk 1:31:40]} Be7 {[%clk 1:27:20]} 5. O-O {[%clk 1:31:56]} O-O
{[%clk 1:27:39]} 6. Re1 {[%clk 1:32:06]} d6 {[%clk 1:27:36]} 7. c3
{[%clk 1:31:23]} Na5 {[%clk 1:27:30]} 8. Bb5 {[%clk 1:31:47]} a6 {[%clk 1:27:45]}
9. Ba4 {[%clk 1:32:12]} b5 {[%clk 1:28:01]} 10. Bc2 {[%clk 1:32:37]} c5
{[%clk 1:27:57]} 11. Nbd2 {[%clk 1:32:59]} Re8 {[%clk 1:25:44]} 12. Nf1
{[%clk 1:27:40]} h6 {[%clk 1:11:24]} 13. d4 {[%clk 1:08:23]} exd4
{[%clk 0:56:04]} 14. cxd4 {[%clk 1:07:57]} Bg4 {[%clk 0:54:43]} 15. d5
{[%clk 1:02:38]} Nc4 {[%clk 0:48:45]} 16. h3 {[%clk 1:01:51]} Bxf3
{[%clk 0:46:45]} 17. Qxf3 {[%clk 1:01:40]} Nd7 {[%clk 0:35:09]} 18. b3
{[%clk 0:54:14]} Nce5 {[%clk 0:33:46]} 19. Qd1 {[%clk 0:53:41]} Bf6
{[%clk 0:28:42]} 20. Rb1 {[%clk 0:53:36]} c4 {[%clk 0:27:55]} 21. f4
{[%clk 0:38:42]} Nd3 {[%clk 0:20:33]} 22. Bxd3 {[%clk 0:38:16]} cxd3
{[%clk 0:21:00]} 23. Qxd3 {[%clk 0:37:11]} Qa5 {[%clk 0:19:30]} 24. Bd2
{[%clk 0:27:54]} Qa3 {[%clk 0:12:03]} 25. Rbc1 {[%clk 0:12:16]} Nc5
{[%clk 0:10:58]} 26. Qf3 {[%clk 0:08:16]} Bd4+ {[%clk 0:07:27]} 27. Kh2
{[%clk 0:06:26]} Qxa2 {[%clk 0:07:03]} 28. Be3 {[%clk 0:03:02]} Nxb3
{[%clk 0:04:05]} 29. Rc6 {[%clk 0:01:26]} Bxe3 {[%clk 0:03:11]} 30. Qxe3
{[%clk 0:01:52]} Na5 {[%clk 0:03:03]} 31. Rcc1 {[%clk 0:01:19]} Nc4
{[%clk 0:03:21]} 32. Qd4 {[%clk 0:01:41]} f6 {[%clk 0:01:28]} 33. Ng3
{[%clk 0:01:23]} Qd2 {[%clk 0:00:37]} 34. Rxc4 {[%clk 0:01:32]} Qxe1
{[%clk 0:01:03]} 35. Rc7 {[%clk 0:01:11]} Rf8 {[%clk 0:00:31]} 36. Qb6
{[%clk 0:01:01]} Kh8 {[%clk 0:00:33]} 37. Qxd6 {[%clk 0:01:13]} Rg8
{[%clk 0:00:40]} 38. Qe6 {[%clk 0:00:49]} Rae8 {[%clk 0:00:31]} 39. Qf5
{[%clk 0:01:06]} b4 {[%clk 0:00:34]} 40. d6 {[%clk 0:30:43]} b3 {[%clk 0:30:48]}
41. d7 {[%clk 0:27:19]} Rd8 {[%clk 0:19:55]} 42. Rb7 {[%clk 0:04:48]} Qd2
{[%clk 0:17:48]} 43. Nh5 {[%clk 0:00:46]} b2 {[%clk 0:15:44]} 44. e5
{[%clk 0:00:56]} b1=Q {[%clk 0:08:16]} 45. Qxb1 {[%clk 0:00:59]} fxe5
{[%clk 0:04:29]} 46. Qf5 {[%clk 0:00:37]} e4 {[%clk 0:03:12]} 47. Qxe4
{[%clk 0:00:33]} Rxd7 {[%clk 0:03:20]} 48. Rb6 {[%clk 0:00:51]} Rd6
{[%clk 0:03:02]} 49. Rb7 {[%clk 0:01:17]} Qd5 {[%clk 0:02:59]} 50. Qxd5
{[%clk 0:01:20]} Rxd5 {[%clk 0:03:26]} 51. g4 {[%clk 0:01:42]} Rxh5
{[%clk 0:01:45]} 52. gxh5 {[%clk 0:02:07]} Ra8 {[%clk 0:02:14]} 53. Rb4
{[%clk 0:01:35]} a5 {[%clk 0:02:42]} 54. Ra4 {[%clk 0:01:57]} Kg8
{[%clk 0:03:02]} 55. Kg3 {[%clk 0:02:10]} Kf7 {[%clk 0:03:30]} 56. Kf3
{[%clk 0:01:23]} Ke6 {[%clk 0:03:22]} 57. Ke4 {[%clk 0:01:29]} Ra6
{[%clk 0:02:00]} 58. Kd4 {[%clk 0:01:16]} Kf5 {[%clk 0:00:52]} 59. Ke3
{[%clk 0:01:39]} Ra7 {[%clk 0:01:09]} 60. Kd3 {[%clk 0:01:44]} Ke6
{[%clk 0:00:41]} 61. Ke4 {[%clk 0:01:49]} Ra8 {[%clk 0:00:46]} 62. f5+
{[%clk 0:01:58]} Kd6 {[%clk 0:00:33]} 63. f6 {[%clk 0:01:37]} gxf6
{[%clk 0:00:52]} 64. Kf5 {[%clk 0:02:04]} Ra6 {[%clk 0:00:36]} 65. Kxf6
{[%clk 0:00:50]} Kc5+ {[%clk 0:00:51]} 66. Kg7 {[%clk 0:01:13]} Kb5
{[%clk 0:01:10]} 67. Rf4 {[%clk 0:00:41]} a4 {[%clk 0:01:28]} 68. Rf5+
{[%clk 0:01:05]} Kc4 {[%clk 0:01:46]} 69. Rf4+ {[%clk 0:01:27]} Kd5
{[%clk 0:01:33]} 70. Rxa4 {[%clk 0:00:37]} Rxa4 {[%clk 0:02:00]} 71. Kxh6
{[%clk 0:01:04]} Ke6 {[%clk 0:01:54]} 72. Kg7 {[%clk 0:01:22]} Ra7+
{[%clk 0:01:01]} 73. Kg6 {[%clk 0:01:44]} Ra3 {[%clk 0:01:20]} 74. h6
{[%clk 0:01:59]} Rg3+ {[%clk 0:01:44]} 75. Kh7 {[%clk 0:02:15]} Kf7
{[%clk 0:02:00]} 76. Kh8 {[%clk 0:02:23]} Rg8+ {[%clk 0:02:27]} 77. Kh7
{[%clk 0:02:49]} Rg6 {[%clk 0:02:52]} 0-1

[Event "Team men PL final"]
[Site "Sochi"]
[Date "2018.05.03"]
[Round "3.24"]
[White "Ofitserian, Boris"]
[Black "Lysyj, Igor"]
[Result "0-1"]
[BlackElo "2630"]
[WhiteElo "2421"]
[LiveChessVersion "1.4.8"]

1. d4 {[%clk 1:30:57]} d5 {[%clk 1:30:50]} 2. Bf4 {[%clk 1:31:05]} Nf6
{[%clk 1:30:08]} 3. e3 {[%clk 1:31:20]} c5 {[%clk 1:30:18]} 4. c3
{[%clk 1:31:27]} Nc6 {[%clk 1:30:18]} 5. Nd2 {[%clk 1:31:43]} Bf5
{[%clk 1:25:49]} 6. Ngf3 {[%clk 1:13:01]} e6 {[%clk 1:25:40]} 7. h3
{[%clk 0:54:12]} cxd4 {[%clk 1:19:00]} 8. exd4 {[%clk 0:54:31]} Bd6
{[%clk 1:19:09]} 9. Bxd6 {[%clk 0:52:44]} Qxd6 {[%clk 1:17:58]} 10. Bb5
{[%clk 0:52:40]} O-O {[%clk 1:17:09]} 11. Qe2 {[%clk 0:51:50]} Nd7
{[%clk 1:16:16]} 12. Nh4 {[%clk 0:46:10]} Bg6 {[%clk 1:14:24]} 13. Nxg6
{[%clk 0:46:19]} hxg6 {[%clk 1:14:49]} 14. O-O {[%clk 0:41:51]} a6
{[%clk 1:12:39]} 15. Ba4 {[%clk 0:30:52]} b5 {[%clk 1:06:48]} 16. Bc2
{[%clk 0:31:16]} b4 {[%clk 1:06:01]} 17. f4 {[%clk 0:27:15]} Rfc8
{[%clk 1:02:07]} 18. Qd3 {[%clk 0:24:46]} Ne7 {[%clk 0:54:34]} 19. g4
{[%clk 0:18:40]} bxc3 {[%clk 0:43:51]} 20. bxc3 {[%clk 0:19:07]} Rab8
{[%clk 0:43:48]} 21. Rf3 {[%clk 0:15:04]} Qa3 {[%clk 0:39:20]} 22. h4
{[%clk 0:10:40]} Nf6 {[%clk 0:36:29]} 23. g5 {[%clk 0:06:33]} Ne4
{[%clk 0:35:06]} 24. Nxe4 {[%clk 0:06:27]} dxe4 {[%clk 0:35:27]} 25. Qxe4
{[%clk 0:06:55]} Rxc3 {[%clk 0:35:27]} 26. Raf1 {[%clk 0:03:51]} Nf5
{[%clk 0:27:30]} 27. Bb3 {[%clk 0:03:38]} Rxf3 {[%clk 0:22:37]} 28. Rxf3
{[%clk 0:03:52]} Qc1+ {[%clk 0:22:16]} 29. Kh2 {[%clk 0:03:06]} Qb2+
{[%clk 0:20:03]} 30. Kg1 {[%clk 0:01:24]} Rc8 {[%clk 0:16:34]} 31. Rd3
{[%clk 0:00:36]} Rc1+ {[%clk 0:15:27]} 32. Bd1 {[%clk 0:00:35]} Qxa2
{[%clk 0:12:01]} 33. d5 {[%clk 0:00:59]} Qc2 {[%clk 0:09:39]} 34. Qf3
{[%clk 0:01:00]} Ne3 {[%clk 0:06:54]} 35. Qxe3 {[%clk 0:00:40]} Rxd1+
{[%clk 0:07:16]} 36. Rxd1 {[%clk 0:01:06]} Qxd1+ {[%clk 0:07:42]} 37. Kf2
{[%clk 0:01:21]} Qxd5 {[%clk 0:07:46]} 38. Qa7 {[%clk 0:00:33]} a5
{[%clk 0:02:15]} 39. Qb8+ {[%clk 0:00:43]} Kh7 {[%clk 0:02:39]} 40. Qa7
{[%clk 0:30:37]} Qf5 {[%clk 0:31:35]} 0-1

[Event "Team men PL final"]
[Site "Sochi"]
[Date "2018.05.03"]
[Round "3.26"]
[White "Paravyan, David"]
[Black "Inarkiev, Ernesto"]
[Result "1/2-1/2"]
[BlackElo "2686"]
[WhiteElo "2620"]
[LiveChessVersion "1.4.8"]

1. e4 {[%clk 1:30:57]} e5 {[%clk 1:30:25]} 2. Nf3 {[%clk 1:31:23]} Nc6
{[%clk 1:30:52]} 3. Bb5 {[%clk 1:31:50]} a6 {[%clk 1:31:17]} 4. Ba4
{[%clk 1:32:18]} Nf6 {[%clk 1:31:40]} 5. O-O {[%clk 1:32:46]} Be7
{[%clk 1:31:33]} 6. d3 {[%clk 1:33:12]} d6 {[%clk 1:29:48]} 7. c3
{[%clk 1:33:13]} O-O {[%clk 1:30:13]} 8. Nbd2 {[%clk 1:33:42]} Re8
{[%clk 1:30:32]} 9. d4 {[%clk 1:34:08]} b5 {[%clk 1:30:05]} 10. Bc2
{[%clk 1:34:18]} exd4 {[%clk 1:26:35]} 11. cxd4 {[%clk 1:34:40]} Bg4
{[%clk 1:27:02]} 12. h3 {[%clk 1:35:08]} Bh5 {[%clk 1:27:29]} 13. g4
{[%clk 1:35:37]} Nxg4 {[%clk 1:27:45]} 14. hxg4 {[%clk 1:36:03]} Bxg4
{[%clk 1:28:12]} 15. Nb3 {[%clk 1:35:50]} Qd7 {[%clk 1:27:45]} 16. Kh2
{[%clk 1:33:10]} Qe6 {[%clk 1:09:37]} 17. Be3 {[%clk 1:31:23]} Qg6
{[%clk 1:03:32]} 18. Rh1 {[%clk 1:31:48]} d5 {[%clk 1:00:25]} 19. e5
{[%clk 1:32:15]} Bxf3 {[%clk 1:00:37]} 20. Bxg6 {[%clk 1:32:40]} Bxd1
{[%clk 1:01:04]} 21. Bxh7+ {[%clk 1:33:07]} Kxh7 {[%clk 1:01:31]} 22. Raxd1
{[%clk 1:32:59]} Nd8 {[%clk 0:53:11]} 23. Kg3+ {[%clk 1:30:13]} Kg6
{[%clk 0:36:51]} 24. Rdg1 {[%clk 1:22:57]} Ne6 {[%clk 0:35:45]} 25. Kf3+
{[%clk 1:07:41]} Kf5 {[%clk 0:33:27]} 26. Na5 {[%clk 1:08:06]} c5
{[%clk 0:21:30]} 27. Nc6 {[%clk 1:06:47]} Bg5 {[%clk 0:21:31]} 28. dxc5
{[%clk 1:00:12]} Bxe3 {[%clk 0:13:31]} 29. Kxe3 {[%clk 0:58:22]} Rac8
{[%clk 0:06:54]} 30. Rh5+ {[%clk 0:57:59]} g5 {[%clk 0:07:10]} 31. Nd4+
{[%clk 0:58:19]} Kxe5 {[%clk 0:06:56]} 32. f4+ {[%clk 0:55:41]} Nxf4
{[%clk 0:06:09]} 33. Rgxg5+ {[%clk 0:54:32]} Kf6+ {[%clk 0:06:35]} 34. Kxf4
{[%clk 0:54:57]} Re4+ {[%clk 0:07:03]} 35. Kf3 {[%clk 0:55:22]} Rxd4
{[%clk 0:07:31]} 36. Rxd5 {[%clk 0:55:46]} Rc4 {[%clk 0:04:43]} 37. a3
{[%clk 0:38:13]} a5 {[%clk 0:04:29]} 38. Rhf5+ {[%clk 0:37:13]} Kg6
{[%clk 0:04:46]} 39. Rg5+ {[%clk 0:34:19]} Kf6 {[%clk 0:05:15]} 40. Rgf5+
{[%clk 1:04:38]} Kg6 {[%clk 0:35:42]} 41. Rg5+ {[%clk 1:05:01]} 1/2-1/2

[Event "Team men PL final"]
[Site "Sochi"]
[Date "2018.05.03"]
[Round "3.27"]
[White "Najer, Evgeniy"]
[Black "Stupak, Kirill"]
[Result "1-0"]
[BlackElo "2556"]
[WhiteElo "2667"]
[LiveChessVersion "1.4.8"]

1. e4 {[%clk 1:30:58]} e6 {[%clk 1:30:59]} 2. d4 {[%clk 1:31:23]} d5
{[%clk 1:31:25]} 3. Nc3 {[%clk 1:31:50]} Bb4 {[%clk 1:31:52]} 4. e5
{[%clk 1:32:15]} c5 {[%clk 1:32:20]} 5. a3 {[%clk 1:32:41]} Bxc3+
{[%clk 1:32:47]} 6. bxc3 {[%clk 1:33:06]} Qa5 {[%clk 1:33:14]} 7. Bd2
{[%clk 1:33:31]} Qa4 {[%clk 1:33:41]} 8. Qg4 {[%clk 1:33:25]} g6 {[%clk 1:34:08]}
9. Bd3 {[%clk 1:31:47]} Nc6 {[%clk 1:27:55]} 10. Nf3 {[%clk 1:31:30]} c4
{[%clk 1:23:00]} 11. Be2 {[%clk 1:30:56]} Bd7 {[%clk 1:20:17]} 12. Qf4
{[%clk 1:27:54]} h6 {[%clk 1:19:31]} 13. Ra2 {[%clk 1:24:09]} Rh7
{[%clk 1:18:18]} 14. Qh4 {[%clk 1:21:25]} Nge7 {[%clk 1:06:49]} 15. Ng5
{[%clk 1:13:50]} Rh8 {[%clk 1:02:40]} 16. Bg4 {[%clk 1:11:10]} Qa5
{[%clk 0:54:28]} 17. O-O {[%clk 0:59:59]} Ng8 {[%clk 0:27:44]} 18. Rb1
{[%clk 0:47:33]} b6 {[%clk 0:26:32]} 19. Nf3 {[%clk 0:26:34]} Qa4
{[%clk 0:22:27]} 20. Bg5 {[%clk 0:24:27]} Rh7 {[%clk 0:21:59]} 21. Re1
{[%clk 0:21:59]} Rg7 {[%clk 0:13:05]} 22. Bf6 {[%clk 0:21:18]} Nxf6
{[%clk 0:13:21]} 23. exf6 {[%clk 0:13:44]} Rh7 {[%clk 0:13:50]} 24. Qh3
{[%clk 0:13:23]} Rh8 {[%clk 0:10:32]} 25. Ng5 {[%clk 0:13:15]} Nd8
{[%clk 0:09:49]} 26. Nf3 {[%clk 0:09:14]} Nc6 {[%clk 0:10:18]} 27. Ng5
{[%clk 0:09:35]} Nd8 {[%clk 0:10:46]} 28. f4 {[%clk 0:07:15]} Kf8
{[%clk 0:10:04]} 29. Nf3 {[%clk 0:07:03]} Nc6 {[%clk 0:10:28]} 30. Qg3
{[%clk 0:07:13]} Rd8 {[%clk 0:06:17]} 31. f5 {[%clk 0:05:18]} exf5
{[%clk 0:05:47]} 32. Qc7 {[%clk 0:05:00]} Kg8 {[%clk 0:01:20]} 33. Re7
{[%clk 0:01:52]} Be8 {[%clk 0:00:43]} 34. Bxf5 {[%clk 0:00:51]} Nxe7
{[%clk 0:00:40]} 35. Qxe7 {[%clk 0:01:16]} gxf5 {[%clk 0:00:35]} 36. Qxd8
{[%clk 0:01:38]} Qd7 {[%clk 0:00:56]} 37. Qb8 {[%clk 0:01:51]} Kh7
{[%clk 0:00:46]} 38. Ra1 {[%clk 0:02:17]} Qc6 {[%clk 0:00:38]} 39. Qe5
{[%clk 0:00:54]} Bd7 {[%clk 0:00:36]} 40. Qe7 {[%clk 0:30:57]} Be6
{[%clk 0:30:33]} 41. Ne5 {[%clk 0:30:24]} Qe8 {[%clk 0:26:52]} 42. Qxa7
{[%clk 0:30:10]} Qb8 {[%clk 0:25:42]} 43. Qxb8 {[%clk 0:29:00]} Rxb8
{[%clk 0:25:44]} 44. Kf2 {[%clk 0:29:14]} f4 {[%clk 0:23:31]} 45. Kf3
{[%clk 0:27:47]} Rg8 {[%clk 0:21:13]} 46. a4 {[%clk 0:24:32]} Bf5
{[%clk 0:15:25]} 47. Kxf4 {[%clk 0:20:57]} Bxc2 {[%clk 0:15:41]} 48. Nd7
{[%clk 0:19:11]} 1-0